书目信息 |
| 题名: |
中国知识分子问题
|
|
| 作者: | 刘洪侠 , 刘贵田 主编 | |
| 分册: | ||
| 出版信息: | 沈阳 辽宁大学出版社 1987 |
|
| 页数: | 274页 | |
| 开本: | 20cm | |
| 丛书名: | ||
| 单 册: | ||
| 中图分类: | D663.5 | |
| 科图分类: | ||
| 主题词: | 政治--中国 | |
| 电子资源: | ||
| ISBN: | 7-5610-0068-5 | |
| 000 | 00618nam0 2200205 450 | |
| 001 | 0736753005 | |
| 005 | 20070726091641.15 | |
| 010 | @a7-5610-0068-5@dCNY2.20 | |
| 100 | @a20070720d1987 km y0chiy0120 ea | |
| 101 | 0 | @achi |
| 102 | @aCN@b210000 | |
| 200 | 1 | @a中国知识分子问题@Azhong guo zhi shi fen zi wen ti@f刘洪侠,刘贵田主编@Fliu hong xia,liu gui tian zhu bian |
| 210 | @a沈阳@c辽宁大学出版社@d1987 | |
| 215 | @a274页@d20cm | |
| 606 | 0 | @a政治@x中国 |
| 690 | @aD663.5@v3 | |
| 701 | 0 | @a刘洪侠@Aliu hong xia@4主编 |
| 701 | 0 | @a刘贵田@Aliu gui tian@4主编 |
| 801 | 0 | @aCN@bPFT@c20070726 |
| 905 | @a10447@dD663.5@e101 | |
| 中国知识分子问题/刘洪侠,刘贵田主编.-沈阳:辽宁大学出版社,1987 |
| 274页;20cm |
| ISBN 7-5610-0068-5:CNY2.20 |
| ● |
| 相关链接 |
|
|
|
|
正题名:中国知识分子问题
索取号:D663.5/101
 
预约/预借
| 序号 | 登录号 | 条形码 | 馆藏地/架位号 | 状态 | 备注 |
| 1 | 0766586 | 207665864 | 第一样本阅览室/ [索取号:D663.5/101] | 在馆 |